| 000 | 01160nam2a2200301 4500 | ||
|---|---|---|---|
| 001 | rc\2954452 | ||
| 005 | 20110831182011.8 | ||
| 035 | _a(NLR Aleph) 007101761 | ||
| 090 |
_a13602608 _c13602608 |
||
| 100 | _a20090414d1937 |||y0rusy50 ca | ||
| 101 | 0 | _arus | |
| 102 | _aRU | ||
| 105 | _aa z ||||| | ||
| 200 | 0 |
_aЧ. 1 _fСост. проф. Г.Ф. Друккер, проф. М.Д. Ильин, проф. А.С. Шибалов, доц. В.И. Взоров и доц. В.В. Колчев |
|
| 210 | _d1937 | ||
| 215 |
_a464 с. _cил. |
||
| 320 | _a"Литература" (с. 463-64) | ||
| 461 | 0 |
_1001rc\2954451 _12000#$aТехнология рыбных продуктов$fПод общ. ред. проф. Г.Ф. Друккера$vЧ. 1 |
|
| 702 | 1 |
_aДруккер _bГ. Ф. _f1890- _gГустав Федорович _4220 |
|
| 702 | 1 |
_aИльин _bМ. Д. _4220 |
|
| 702 | 1 |
_aШибалов _bА. С. _4220 |
|
| 702 | 1 |
_aВзоров _bВ. И. _f1892- _gВладимир Иванович _4220 |
|
| 702 | 1 |
_aКолчев _bВ. В. _4220 |
|
| 801 | 0 |
_aRU _bNLR _gpsbo |
|
| 801 | 1 |
_aRU _bELAR _2rusmarc |
|
| 852 |
_aNLR _j37-18/289(1) |
||
| 942 | _cBOOK | ||
| 980 | _aNB | ||